苏州-这座城市在历史上曾被谁统治(六) - Statistics

General Stats
  • This quiz has been taken 72 times
  • The average score is 34 of 45
Answer Stats
时间及提示 政权名称 % Correct
前473 - 前333 或 前307
98%
一说前514建城 - 前473
97%
前333 或 前307 - 前222
97%
前222 - 前209
97%
(220)229 - 280 东吴
90%
589 - 618
90%
27 - 220 东汉
89%
280 - 317 西晋
89%
1130 - 1275
89%
(1911)1912 - 1949 中华民国
89%
公元9 - 23
87%
317 - 403 东晋
87%
420 - 479 刘宋
87%
557 - 589 南陈
87%
624 - 690
87%
705 - 907
87%
1275 - 1356
87%
1949至今 中华人民共和国
87%
479 - 502 南齐
85%
502 - 551 南梁
85%
978 - 1130
85%
1368 - 1645
85%
1863 - 1911
85%
1645 - 1860
84%
前154 - 公元9 西汉
82%
1130短暂占据
82%
1860 - 1863 太平天国
81%
前203 - 前154 西汉
79%
690 - 705 武周
79%
前154 (诸侯) 吴国
73%
907 - 978 吴越
71%
前206 - 前203 西楚
69%
221 - 222 (名义) 曹魏
69%
552 - 557 南梁
65%
23 - 25(27) 玄汉
63%
(1356)1364 - 1367 (可回答国号或君主) 东吴 (张士诚)
63%
(前209)前208 - 前206 后楚
61%
404 - 420 东晋
61%
621 - 623
61%
1367 - 1368 (可回答国号或君主) 西吴 (朱元璋)
60%
551 - 552 侯汉
58%
403 - 404 桓楚
52%
620 - 621 (回答国号或君主) 吴 (李子通)
19%
(618)619 - 620 (回答国号或君主) 梁 (沈法兴)
10%
623 - 624 (回答国号或君主) 宋 (辅公祏)
10%
No matching quizzes found
Score Distribution
Percent of People with Each Score
Percentile by Number Answered
Your Score History
You have not taken this quiz